O castor preguiçoso (Registo nº 6767)

Detalhes MARC
000 -Etiqueta do registo
Valores 00596nam a22002291i 4500
010 ## - Número ISBN
ISBN 9789722105316
090 ## -
-- 6767
100 ## - Dados gerais de processamento
Dados gerais 20170304u u u0frey50 ba
101 0# - Língua de publicação
-- por
200 1# - Titulo e menção de responsabilidade
Primeira menção de responsabilidade Pierre Coran
Título próprio O castor preguiçoso
210 ## - Publicação
Nome do editor Caminho
Local de publicação Lisboa
Data de publicação imp. 1990
215 ## - Descrição física 
Paginação / Volumes [28] p.
Outras indicações físicas il.
Dimensões 25 cm
225 2# - Colecção 
Título próprio da colecção Começo a ler
606 ## - Nome comum usado como assunto
ID Autoridade 187
Palavra de ordem Histórias para crianças
675 ## - CDU
Notação 8:087.5
-- 69
700 #1 - Autor principal (pessoa individual)
Apelido Coran
Nome Pierre
-- 070
702 #1 - Autor secundário (pessoa individual)
Apelido Sacré
Nome Marie- José
-- 440
ID Autoridade 2491
702 #1 - Autor secundário (pessoa individual)
Apelido Oliveira
Nome José
-- 730
ID Autoridade 2099
801 ## - Fonte de origem
País PT
Regras de catalogação RPC
990 ## - Elementos KOHA
Tipo de documento Livro
994 ## - Estado da catalogação
-- COMP
Exemplares
Situação do levantamento Estado Biblioteca de origem Biblioteca de empréstimo Código de barras Cota Permissão de empréstimo Tipo de documento Nota relativa ao exemplar Forma de aquisição
  Completo Biblioteca Municipal de Viana Do Alentejo Biblioteca Municipal de Viana Do Alentejo 0009753 8 COR Disponível Livro 6-10 anos  
  Deteriorado Biblioteca Municipal de Viana Do Alentejo Biblioteca Municipal de Viana Do Alentejo 0019707 8 COR Disponível Livro 6-10 anos  




Powered by Koha